000 00750nam a22002537a 4500
001 BR8801949
003 BR-BrBNA
005 20230928092901.0
007 ta
008 230509b bl.||||| |||| 00| 0 por d
040 _aBR-BrBNA
_bpor
_cBiblioteca Nacional de Agricultura
041 _a(Por)
072 _aD50; H01
_b/G514
090 _ D50 BR8801949
100 1 _aMendes, S.G. (ed.)
110 1 _aSecretaria Nacional de Defesa Agropecuaria, Brasilia, DF (Brasil). Secretaria de Defesa Sanitaria Vegetal
_99194
245 1 _aLegislacao fitossanitaria brasileira
260 3 _aBrasilia, DF (Brasil):
_c1979.
300 _a151 p.
650 _aLEGISLACAO
650 _aDEFESA VEGETAL
909 _a202309
_bLucia
_c55
_dLucia Elande
942 _cBK
999 _c41766
_d41766